| 000 | 00560nam a22001577a 4500 | ||
|---|---|---|---|
| 005 | 20251108170945.0 | ||
| 008 | 250721s1993 xx 000 0 ara d | ||
| 082 | 1 | 4 | _a513/هيث |
| 100 | 1 |
_aعبد اللطيف، علي إسحق _eتحقيق |
|
| 245 | 1 | 0 |
_aإبن الهيثم عالم الهندسة الرياضية : _bدراسة تحليلية و تحقيق / |
| 264 | 1 |
_aعمان : _bالجامعة الأردنية - عمادة البحث العلمي، _c1993. |
|
| 300 | _a626ص | ||
| 650 | 1 | 7 | _aالهندسة |
| 942 |
_2ddc _cBK |
||
| 999 |
_c53034 _d53034 |
||